Match the U.S State to it's Nickname - Statistics

General Stats
  • This quiz has been taken 68 times
  • The average score is 25 of 50
Answers on the Map
Answers color-coded by a green-red scale on the quiz's map according to % correct below.
 
Answer Stats
Answer % Correct
Aloha State
94%
Lone Star State
76%
The Great Lakes State
76%
Empire State
73%
Peach State
73%
Grand Canyon State
71%
The Golden State
71%
Land of 10,000 Lakes
67%
The Last Frontier
65%
Bayou State
63%
Sunshine State
63%
The First State
63%
Beaver State
61%
Cornhusker State
61%
The Mount Rushmore State
61%
Bluegrass State
59%
Buckeye State
59%
Hoosier State
59%
Garden State
57%
Badger State
55%
Land of Lincoln
55%
Hawkeye State
49%
Silver State
49%
Tar Heel State
49%
Volunteer State
49%
Heart of Dixie
45%
Land of Enchantment
45%
Palmetto State
45%
Magnolia State
43%
Show-Me State
43%
Sunflower State
43%
Beehive State
41%
Constitution State
39%
Granite State
39%
Evergreen State
37%
Gem State
37%
Mountain State
37%
Native America
37%
Ocean State
37%
The Bay State
37%
Centennial State
35%
Keystone State
35%
Green Mountain State
33%
The Old Dominion
31%
Equality State
29%
Old Line State
29%
Peace Garden State
29%
The Natural State
29%
Treasure State
29%
Vacationland
29%
No matching quizzes found
Score Distribution
Percent of People with Each Score
Percentile by Number Answered
Your Score History
You have not taken this quiz